<The> drug economy and anti-drug policy in developing countries.

Vplyv výroby drog a obchodu s drogami na ekonomiku rozvojových krajín. Substitučná ekonomická politika a jej vyhliadky na úspech. Hľadanie stratégií na obmedzenie dopytu po drogách v priemyslovo vyvinutých krajinách. Ekonomické aktivity založené na drogách v štátoch Ázie a Latinskej Ameriky. Negatív...

Descripción completa

Guardado en:
Detalles Bibliográficos
Autor principal: Shams, R.
Formato: Capítulo de libro
Lenguaje:inglés
Materias:
Etiquetas: Agregar Etiqueta
Sin Etiquetas, Sea el primero en etiquetar este registro!

MARC

LEADER 00000naa a2200000 4500
001 r009131
005 20221130112936.3
041 0 |a eng 
044 |a DE 
245 1 0 |a <The> drug economy and anti-drug policy in developing countries.  |c R. Shams 
520 |a Vplyv výroby drog a obchodu s drogami na ekonomiku rozvojových krajín. Substitučná ekonomická politika a jej vyhliadky na úspech. Hľadanie stratégií na obmedzenie dopytu po drogách v priemyslovo vyvinutých krajinách. Ekonomické aktivity založené na drogách v štátoch Ázie a Latinskej Ameriky. Negatívne dopady predaja drog na stabilitu meny a životné prostredie. Odporúča sa regulovaná liberalizácia spotreby drog ako predpoklad úspechu antidrogovej politiky v rozvojových krajinách. 
610 2 0 |a drogy 
610 2 0 |a výroba 
610 2 0 |a obchod 
610 2 0 |a krajiny rozvojové 
610 2 0 |a spotreba 
610 2 0 |a toxikománia 
610 2 0 |a Ázia 
610 2 0 |a Latinská Amerika 
610 2 0 |a aktivita hospodárska 
100 1 |a Shams, R.